Une ville, un pays (lettre P) - Statistiques

Statistiques générales
  • Ce quiz a été pris 83 fois
  • Le résultat moyen est 15 sur 24
Statistiques - réponses
Hint Réponse % Correct
Pau France
97%
Porto Portugal
94%
Pampelune Espagne
92%
Poznań Pologne
92%
Pittsburgh Etats-Unis
84%
Porto Alegre Brésil
82%
Pattaya Thaïlande
82%
Port-Saïd Egypte
74%
Potsdam Allemagne
73%
Plzeň Tchéquie
71%
Paphos Chypre
63%
Plaisance Italie
63%
Padang Indonésie
61%
Puerto Vallarta Mexique
61%
Pécs Hongrie
60%
Peshawar Pakistan
53%
Port Elizabeth Afrique du Sud
52%
Punta Arenas Chili
52%
Plovdiv Bulgarie
50%
Prince George Canada
39%
Potosí Bolivie
35%
Paysandú Uruguay
24%
Port-Gentil Gabon
23%
Prizren Kosovo
10%
Aucun quiz correspondant
Distribution des résultats
% des personnes avec chaque résultat
Percentile par nombre de réponses
Votre historique - résultats
Vous n’avez pas pris ce quiz